ბათუმის შოთა რუსთაველის სახელმწიფო უნივერსიტეტის ბიბლიოთეკა

Курс МВА по стратегическому менеджменту (ბიბ.ჩანაწერი № 35107)

000 -LEADER
fixed length control field 00753nam a2200253Ia 4500
001 - CONTROL NUMBER
control field 948
003 - CONTROL NUMBER IDENTIFIER
control field GE_BSU
008 - FIXED-LENGTH DATA ELEMENTS--GENERAL INFORMATION
fixed length control field 181216s||||||||xx |||||||||||||| ||und||
020 ## - INTERNATIONAL STANDARD BOOK NUMBER
International Standard Book Number 5961402479
040 ## - CATALOGING SOURCE
Transcribing agency GE_BSU
080 ## - UNIVERSAL DECIMAL CLASSIFICATION NUMBER
Universal Decimal Classification number 655.011(075.8)
245 ## - TITLE STATEMENT
Title Курс МВА по стратегическому менеджменту
245 ## - TITLE STATEMENT
Remainder of title Пер. с англ.
245 ## - TITLE STATEMENT
Statement of responsibility, etc. ред. Лайм Фаай, Роберт Рэнделл
250 ## - EDITION STATEMENT
Edition statement 2-е изд-е
260 ## - PUBLICATION, DISTRIBUTION, ETC.
Place of publication, distribution, etc. Москва
260 ## - PUBLICATION, DISTRIBUTION, ETC.
Name of publisher, distributor, etc. Альпина Бизнес Букс
260 ## - PUBLICATION, DISTRIBUTION, ETC.
Date of publication, distribution, etc. 2005
300 ## - PHYSICAL DESCRIPTION
Extent 597стр.
653 ## - INDEX TERM--UNCONTROLLED
Uncontrolled term Курс МВА по стратегическому менеджменту
653 ## - INDEX TERM--UNCONTROLLED
Uncontrolled term Менеджмент
942 ## - ADDED ENTRY ELEMENTS (KOHA)
Koha item type წიგნი
ეგზემპლარები
Withdrawn status Lost status Damaged status Not for loan Date acquired Barcode Date last seen Price effective from Koha item type
        2018-12-17 1027 2018-12-17 2018-12-17 წიგნი